000 00366nam a2200157 i 4500
001 bg
245 0 0 _aDictionnaire Quillet de la langue francaise.
_nT.1,
_pA-D.
260 _aParis,
_c1971.
650 9 _aJęzyk francuski
655 _aSłowniki
040 _cBPK
041 _apol
080 _a804.0
942 _cKS
008 s pl f |000 0 pol
999 _c13750
_d13750
856 _uhttp://koha.tu.koszalin.pl/cgi-bin/koha/opac-detail.pl?biblionumber=13750
_yKatalog online BPK